000 00885cam a2200241 4500
001 ABS66184
008 021122n2002 000 0 eng u
035 _a(Sirsi) u120554
100 _aDavidson, J
245 _aHow a big a slice?
260 _c2002
490 _aInside Housing
_v 8 November 2002, 36-37(2)
520 _aGives advice on the VAT considerations to be borne in mind with Housing Association mergers. Mentions that only the first sale of a property is likely to be zero rated and many other areas are often overlooked. Details other areas such as option to tax and compulsory standard training where VAT may apply.
590 _aABS
650 _aHOUSING ASSOCIATIONS
650 _aMERGERS
650 _aTAX POLICY
650 _aCOMPULSORY STANDARD RATING
650 _aVALUE ADDED TAX
650 _aVAT REGULATIONS
690 _aTAXATION
942 _n0
999 _c71623
_d71623